Quick Pick: Netflix Original Series Quiz Stats

 Plays Quiz Updated Jul 21, 2017

Support Sporcle.
Go Orange.
Score 0/10 Timer 01:30
1 Play Today
% Correct
Orange Is the New Black
90.4%
Stranger Things
89.5%
House of Cards
87.7%
Narcos
85.2%
BoJack Horseman
81.6%
Making a Murderer
80.8%
Marvel's Jessica Jones
74.3%
Unbreakable Kimmy Schmidt
71.2%
Santa Clarita Diet
68%
Master of None
59.8%

Today's Daily Dose

Missing Word
'Y-Z' Pairs

Quick Pick
MCU Directors

You're not logged in!

Compare scores with friends on all Sporcle quizzes.
OR
Log In
Forgot?

From the Vault

B-Movie or BS?

by SpartyK

Who knows, maybe one day they'll turn into actual movies.
Remove Ads.
Support Sporcle.
Get the best of Sporcle when you Go Orange. This ad-free experience offers more features, more stats, and more fun while also helping to support Sporcle. Thank you for becoming a member.

Show Comments

Extras

Top Quizzes Today


Score Distribution

Your Account Isn't Verified!

In order to create a playlist on Sporcle, you need to verify the email address you used during registration. Go to your Sporcle Settings to finish the process.

Report this User

Report this user for behavior that violates our Community Guidelines.

Details: